Ч. 1; Современные газодинамические и физико-химические модели гиперзвуковой аэродинамики и теплообмена

Bibliografiske detaljer
Parent link:Современные газодинамические и физико-химические модели гиперзвуковой аэродинамики и теплообмена/ Московский государственный университет им. М. В. Ломоносова; Институт механики; Под ред. Л. Н. Седова. Ч. 1.— , 1994-.— 5-211-03223-3
Sprog:russisk
Udgivet: 1994
Fag:
Format: MixedMaterials Bog
KOHA link:https://koha.lib.tpu.ru/cgi-bin/koha/opac-detail.pl?biblionumber=42958

MARC

LEADER 00000nam2a2200000 4500
001 42958
005 20231031015720.0
010 |a 5211032225 
035 |a (RuTPU)RU\TPU\book\44354 
090 |a 42958 
100 |a 20020919d1994 k y0rusy50 ca 
101 0 |a rus 
102 |a RU 
105 |a a z 011zy 
200 0 |a Ч. 1 
210 |d 1994 
215 |a 179 с.  |c ил. 
320 |a Библиогр.: с. 176-177. 
461 1 |0 (RuTPU)RU\TPU\book\45355  |y 5-211-03223-3  |t Современные газодинамические и физико-химические модели гиперзвуковой аэродинамики и теплообмена  |f Московский государственный университет им. М. В. Ломоносова; Институт механики; Под ред. Л. Н. Седова  |v Ч. 1  |d 1994- 
610 1 |a физика 
610 1 |a гиперзвуковая аэродинамика 
610 1 |a теплообмен 
610 1 |a газодинамические модели 
610 1 |a физико-химические модели 
610 1 |a газы 
610 1 |a вязкость 
610 1 |a равновесные течения 
610 1 |a диффузия 
675 |a 533.6.011.5  |v 3 
675 |a 532.5  |v 3 
801 1 |a RU  |b 63413507  |c 20020919  |g PSBO 
801 2 |a RU  |b 63413507  |c 20090111  |g PSBO 
942 |c BK